| 000 | 00967nas a2200313 4500 | ||
|---|---|---|---|
| 001 | BR2014006401 | ||
| 003 | BR-BrBNA | ||
| 005 | 20231205124611.0 | ||
| 007 | ta | ||
| 008 | 230509b bl.|||p| |||| 00| 00por d | ||
| 040 |
_aBR-BrBNA _bpor _cBiblioteca Nacional de Agricultura |
||
| 041 | _a(En) | ||
| 072 | _aL51 | ||
| 100 | 1 | _aOliveira, J.S. de | |
| 100 | 1 | _aQueiroz, A.C. | |
| 100 | 1 | _aMantovani, H.C. | |
| 100 | 1 | _aMelo, M.R. de | |
| 100 | 1 | _aDetmann, E. | |
| 100 | 1 | _aSantos, E.M. | |
| 100 | 1 | _aBayão, G.F.V. | |
| 245 | 1 | _aEffect of propionic and lactic acids on in vitro ruminal bacteria growth | |
| 650 | _aDIGESTIBILIDADE | ||
| 650 | _aÁCIDO LÁTICO | ||
| 650 | _aANÁLISE QUÍMICA | ||
| 773 | 0 |
_tRevista Brasileira de Zootecnia (Brazil) _xISSN 1806-9290 _g(May 2011), v. 40(5) p. 1121-1127 _wBR2014006401 |
|
| 856 | 4 | 0 | _uhttp://www.scielo.br/pdf/rbz/v40n5/a24v40n5.pdf |
| 909 |
_a202311 _bLúcia _c55 _dLúcia Elande |
||
| 942 |
_2AGRIS _n0 _cANA |
||
| 999 |
_c239922 _d239922 |
||